| 000 | 01472nam a22003250a 4500 | ||
|---|---|---|---|
| 001 | PT17806 | ||
| 003 | AR-LpoUNG | ||
| 005 | 20260115101425.0 | ||
| 008 | 191001s2004||||ag |||||||||||||||||spa d | ||
| 020 |
_a9509217735 _c$51.66 |
||
| 040 |
_aAR-LpoUNG _bspa _cAR-LpoUNG _eaacr |
||
| 041 | _aspa | ||
| 044 | _aag | ||
| 082 | 0 | _a982.04 918cau | |
| 100 | 1 | _aBuchbinder, Pablo | |
| 245 | 1 | 0 |
_aCaudillos de pluma y hombres de acción : _bestado y política en Corrientes en tiempos de la organización nacional |
| 250 | _a1ra. ed. | ||
| 260 |
_aBuenos Aires : _bPrometeo - Universidad Nacional de General Sarmiento, _c2004. |
||
| 300 |
_a174 p. : _bmapas, tbls. |
||
| 520 | _aLa obra trata de ensayar una respuesta a la pregunta por las causas del proceso de marginación política y decadencia económica que sufrió la provincia de Corrientes desde mediados del siglo XIX. La explicación remite a los cambios en la configuración territorial de la provincia y su impacto en la conformación de la clase dirigente local, también es clave en el análisis el proceso de integración de la provincia en el Estado Nacional argentino y, simultáneamente, de la elite local en una clase gobernante nacional. | ||
| 650 | 4 | _aANALISIS HISTORICO | |
| 650 | 4 | _aASPECTOS POLITICOS | |
| 650 | 4 | _aHISTORIA | |
| 650 | 4 | _aINTEGRACION POLITICA | |
| 650 | 4 | _aPLANO NACIONAL | |
| 650 | 4 | _aPOLITICA NACIONAL | |
| 651 | 4 | _aArgentina | |
| 905 | _a17806 | ||
| 942 |
_cLIB _2ddc |
||
| 999 |
_c17405 _d17405 |
||